| 000 | 00810nam a2200289Ia 4500 | ||
|---|---|---|---|
| 008 | 181129s9999 xx 000 0 und d | ||
| 020 | _a9789718162422 | ||
| 050 | _a890 | ||
| 050 | _bP117 2018 | ||
| 100 | _aPacia, Jewelle Catherine | ||
| 245 | 4 | _aThe hows of us : | |
| 245 | 0 | _bhow to love and unlove / | |
| 245 | 0 | _cby Jewelle Catherine Pacia, Roumella NiƱa Monge and John Raphael Gonzaga. | |
| 260 | _aPasig City, Philippines : | ||
| 260 | _bVRJ Books Publishing Inc., | ||
| 260 | _c2018 | ||
| 300 | _a93 pages : | ||
| 300 | _bsome colored illustrations ; | ||
| 300 | _c17cm. | ||
| 650 | _aAnnecdotes. | ||
| 650 | _aInspiration. | ||
| 650 | _aRelationship tips. | ||
| 650 | _aRomantic tips. | ||
| 700 | _aGonzaga, John Raphael. | ||
| 700 | _aMonge, Roumella | ||
| 700 | _aTitle. | ||
| 999 |
_c360190 _d360190 |
||